Normal view
MARC view
- Falconer, Dublin
Entry Personal Name
001 - CONTROL NUMBER
- control field: 40549
003 - CONTROL NUMBER IDENTIFIER
- control field: NUST
005 - DATE AND TIME OF LATEST TRANSACTION
- control field: 20210314131808.0
008 - FIXED-LENGTH DATA ELEMENTS
- fixed length control field: 210314|| aca||aabn | a|a d
040 ## - CATALOGING SOURCE
- Original cataloging agency: NUST
- Transcribing agency: NUST
100 ## - HEADING--PERSONAL NAME
- Personal name: Falconer, Dublin
670 ## - SOURCE DATA FOUND
- Source citation: Work cat.: (NUST): Falconer, Dublin, Transactions of the institution of civil engineers of Ireland, 1957
